Welcome to CU Library Online Public Access Catalogue (OPAC)

Digital electronics : (Record no. 8249)

MARC details
000 -LEADER
fixed length control field 00733cam a2200229 a 4500
001 - CONTROL NUMBER
control field 4978233
005 - DATE AND TIME OF LATEST TRANSACTION
control field 20251112190345.0
008 - FIXED-LENGTH DATA ELEMENTS--GENERAL INFORMATION
fixed length control field 980116s1999 njua 001 0 eng
020 ## - INTERNATIONAL STANDARD BOOK NUMBER
International Standard Book Number 0137692749
020 ## - INTERNATIONAL STANDARD BOOK NUMBER
International Standard Book Number 9780137692743
050 00 - LIBRARY OF CONGRESS CALL NUMBER
Classification number TK7868.D5
Item number K55 1999
082 00 - DEWEY DECIMAL CLASSIFICATION NUMBER
Classification number 621.39/5
Edition information 21
100 1# - MAIN ENTRY--PERSONAL NAME
Personal name Kleitz, William.
245 10 - TITLE STATEMENT
Title Digital electronics :
Remainder of title a practical approach /
Statement of responsibility, etc. William Kleitz.
250 ## - EDITION STATEMENT
Edition statement 5th ed.
260 ## - PUBLICATION, DISTRIBUTION, ETC.
Place of publication, distribution, etc. Upper Saddle River, N.J. :
Name of publisher, distributor, etc. Prentice Hall,
Date of publication, distribution, etc. c1999.
300 ## - PHYSICAL DESCRIPTION
Extent xxvi, 752 p. :
Other physical details ill. (some col.) ;
Dimensions 29 cm. +
Accompanying material 1 computer laser optical disc (4 3/4 in.)
500 ## - GENERAL NOTE
General note One diagram sheet inserted.
500 ## - GENERAL NOTE
General note Includes index.
650 #0 - SUBJECT ADDED ENTRY--TOPICAL TERM
Topical term or geographic name entry element Digital electronics.
942 ## - ADDED ENTRY ELEMENTS (KOHA)
Source of classification or shelving scheme Library of Congress Classification
Koha item type Books
Edition 5th ed.
Suppress in OPAC No
999 ## -
-- 8249
-- 8249
Holdings
Withdrawn status Lost status Source of classification or shelving scheme Damaged status Not for loan Collection Home library Current library Shelving location Date acquired Total checkouts Full call number Barcode Date last seen Copy number Price effective from Koha item type
    Library of Congress Classification     Non-fiction Science Library (Miotso) Science Library (Miotso) General stacks 11/12/2025   TK7868 .D5 .K55 KLE SLM00005816 11/12/2025 1 11/12/2025 Books
© 2023-2024 Copyright: Central University Libraries. All Rights Reserved | Created by: Mahone Tech Office